Chansons de Renaud - Statistiques

Statistiques générales
  • Ce quiz a été pris 137 fois
  • Le résultat moyen est 44 sur 249
Statistiques - réponses
Album Titre % Correct
Laisse béton 1 Laisse béton
94%
Morgane de toi 4 Morgane de toi
88%
Mistral gagnant 4 Mistral gagnant
87%
Ma gonzesse 1 Ma gonzesse
84%
Marche à l'ombre 1 Marche à l'ombre
82%
Putain de camion 12 Putain de camion
80%
Amoureux de Paname 1 Amoureux de Paname
75%
Amoureux de Paname 7 Hexagone
75%
Le Retour de Gérard Lambert 3 Le Retour de Gérard Lambert
72%
Marchand de cailloux 1 Marchand de cailloux
72%
Le Retour de Gérard Lambert 2 Manu
70%
Marche à l'ombre 3 Dans mon HLM
67%
Boucan d'enfer 5 Manhattan-Kaboul
67%
Renaud 3 Toujours debout
67%
Mistral gagnant 1 Miss Maggie
66%
Les Introuvables 3 Miss Maggie
66%
Morgane de toi 1 Dès que le vent soufflera
65%
Morgane de toi 6 En cloque
62%
Boucan d'enfer 1 Docteur Renaud, Mister Renard
57%
Ma gonzesse 8 Chanson pour Pierrot
54%
À la Belle de Mai 2 À la Belle de Mai
53%
Boucan d'enfer 10 Boucan d'enfer
53%
Renaud 1 J'ai embrassé un flic
52%
Marchand de cailloux 8 La Ballade nord-irlandaise
52%
Molly Malone – Balade irlandaise 9 La Ballade nord-irlandaise
52%
Marche à l'ombre 2 Les Aventures de Gérard Lambert
49%
Amoureux de Paname 2 Société, tu m'auras pas !
48%
Rouge Sang 4 Rouge Sang
47%
Putain de camion 3 La Mère à Titi
46%
Mistral gagnant 2 La Pêche à la ligne
45%
Métèque 1 Le Métèque
42%
Le Retour de Gérard Lambert 7 Mon beauf'
42%
Rouge Sang 1 Les Bobos
41%
Le Retour de Gérard Lambert 1 Banlieue rouge
40%
Amoureux de Paname 10 Camarade bourgeois
37%
Putain de camion 10 Petite
35%
Mistral gagnant 11 Fatigué
33%
À la Belle de Mai 3 C'est quand qu'on va où ?
32%
Laisse béton 10 Germaine
32%
Marche à l'ombre 5 Où c'est qu'j'ai mis mon flingue ?
32%
Marchand de cailloux 9 500 Connards sur la ligne de départ
31%
Laisse béton 6 Les Charognards
31%
Laisse béton 5 Adieu minette
30%
Morgane de toi 2 Deuxième Génération
30%
Laisse béton 4 Je suis une bande de jeunes
30%
Ma gonzesse 6 C'est mon dernier bal
29%
Marche à l'ombre 6 It Is Not Because You Are
29%
Boucan d'enfer 14 Mon bistrot préféré
29%
Morgane de toi 7 Ma chanson leur a pas plu…
28%
Marchand de cailloux 13 Ma chanson leur a pas plu (suite)
28%
Morgane de toi 8 Déserteur
27%
Le Retour de Gérard Lambert 5 J'ai raté Télé-Foot
27%
Le Retour de Gérard Lambert 8 La Blanche
26%
Laisse béton 3 La Chanson du loubard
26%
Marche à l'ombre 4 La Teigne
26%
Le Retour de Gérard Lambert 4 Le Père Noël noir
26%
Mistral gagnant 9 P'tite Conne
26%
Mistral gagnant 5 Trois Matelots
26%
Renaud chante Brassens 3 Le Gorille
25%
À la Belle de Mai 7 Le petit chat est mort
25%
Mistral gagnant 10 Le Retour de la Pépette
24%
Les Mômes et les Enfants d'abord ! 1 Les Animals
24%
Molly Malone – Balade irlandaise 13 Molly Malone
24%
Amoureux de Paname 9 Rita
24%
Amoureux de Paname 4 La Java sans joie
23%
Ma gonzesse 3 La Tire à Dédé
23%
Rouge Sang 13 Malone
23%
Mistral gagnant 7 Morts les enfants
23%
Mistral gagnant 6 Tu vas au bal ?
23%
Le Retour de Gérard Lambert 10 Étudiant-poil aux dents
22%
Le Retour de Gérard Lambert 6 Oscar
22%
Amoureux de Paname 3 Petite Fille des sombres rues
22%
Rouge Sang 3 Arrêter la clope
20%
Boucan d'enfer 8 Baltique
20%
Boucan d'enfer 2 Petit Pédé
20%
Rouge Sang 9 J'ai retrouvé mon flingue !
18%
Laisse béton 12 La Bande à Lucien
18%
Les Mômes et les Enfants d'abord ! 3 L.O.L.I.T.A
18%
Putain de camion 9 Socialiste
18%
Le Retour de Gérard Lambert 9 Soleil immonde
18%
Putain de camion 4 Triviale poursuite
18%
Les Introuvables 9 Viens chez moi j'habite chez une copine
18%
Rouge Sang 7 Elle est facho
17%
Amoureux de Paname 13 Greta
17%
Marche à l'ombre 8 Mimi l'ennui
17%
Morgane de toi 9 Près des autos tamponneuses
17%
À la Belle de Mai 9 Son bleu
17%
Morgane de toi 5 Doudou s'en fout
16%
Amoureux de Paname 8 Écoutez-moi les gavroches
16%
Putain de camion 2 Il pleut
16%
À la Belle de Mai 12 La Médaille
16%
Ma gonzesse 7 Le Tango de Massy-Palaiseau
16%
À la Belle de Mai 10 Mon amoureux
16%
Morgane de toi 3 Pochtron !
16%
Mistral gagnant 3 Si t'es mon pote
16%
Marche à l'ombre 7 Baston !
15%
Boucan d'enfer 4 Cœur perdu
15%
À la Belle de Mai 1 La Ballade de Willy Brouillard
15%
Boucan d'enfer 9 L'Entarté
15%
Boucan d'enfer 11 Mon nain de jardin
15%
Ma gonzesse 10 Peau aime
15%
Marche à l'ombre 10 Pourquoi d'abord ?
15%
Ma gonzesse 9 Salut Manouche
15%
Marchand de cailloux 10 Tonton
15%
Boucan d'enfer 6 Elle a vu le loup
14%
Ma gonzesse 5 J'ai la vie qui m'pique les yeux
14%
Renaud chante Brassens 1 Je suis un voyou
14%
Amoureux de Paname 6 La Coupole
14%
Amoureux de Paname 12 La Menthe à l'eau
14%
Marche à l'ombre 9 L'Auto-stoppeuse
14%
À la Belle de Mai 4 Le Sirop de la rue
14%
Mistral gagnant 8 Baby-Sitting Blues
13%
Laisse béton 8 Buffalo débile
13%
Amoureux de Paname 5 Gueule d'aminche
13%
Laisse béton 2 Le Blues de la Porte d'Orléans
13%
Les Introuvables 1 Welcome Gorby
13%
Le Retour de Gérard Lambert 11 À quelle heure on arrive ?
12%
Marchand de cailloux 6 Dans ton sac
12%
Laisse béton 7 Jojo le démago
12%
Morgane de toi 10 Loulou
12%
Putain de camion 6 Rouge-gorge
12%
Ma gonzesse 4 Ch'timi rock
11%
Renaud 4 Héloïse
11%
Putain de camion 1 Jonathan
11%
Laisse béton 9 La Boum
11%
Amoureux de Paname 11 Le Gringalet
11%
Renaud 2 Les Mots
11%
Laisse béton 11 Mélusine
11%
Marchand de cailloux 3 P'tit Voleur
11%
Rouge Sang 12 Elsa
10%
Renaud 7 Hyper Cacher
10%
Renaud chante Brassens 6 Les Amoureux des bancs publics
10%
Marchand de cailloux 5 Les Dimanches à la con
10%
Rouge Sang 2 RS & RS
10%
Renaud 13 Ta batterie
10%
Putain de camion 7 Allongés sous les vagues
9%
Putain de camion 8 Cent ans
9%
À la Belle de Mai 11 Lolito Lolita
9%
Marchand de cailloux 14 Tant qu’il y aura des ombres
9%
À la Belle de Mai 8 Adios Zapata !
8%
Marchand de cailloux 11 Je cruel
8%
Marchand de cailloux 2 L'Aquarium
8%
Marchand de cailloux 7 Le Tango des élus
8%
Rouge Sang 5 Ma blonde
8%
Putain de camion 5 Me jette pas
8%
Rouge Sang 8 Nos vieux
8%
Ma gonzesse 2 Sans dec'
8%
Renaud chante Brassens 7 Brave Margot
6%
Putain de camion 11 Chanson dégueulasse
6%
À la Belle de Mai 6 Cheveu blanc
6%
Rouge Sang 6 Les Cinq Sens
6%
Renaud chante Brassens 20 L'Orage
6%
Renaud cante el' Nord 1 Tout in haut de ch’terril
6%
Rouge Sang 11 Adieu l'enfance
5%
Renaud chante Brassens 12 Auprès de mon arbre
5%
Marchand de cailloux 12 C'est pas du pipeau
5%
Boucan d'enfer 13 Corsic'armes
5%
À la Belle de Mai 5 Devant les lavabos
5%
Renaud chante Brassens 8 Hécatombe
5%
Rouge Sang 17 Je m'appelle Galilée
5%
Rouge Sang 10 Jusqu'à la fin du monde
5%
Renaud 8 Mulholland Drive
5%
Marchand de cailloux 4 Olé !
5%
Rouge Sang 14 Pas de dimanches
5%
Les Mômes et les Enfants d'abord ! 2 Pinpon
5%
Renaud 14 Pour Karim, pour Fabien
5%
Rouge Sang 15 Sentimentale mon cul !
5%
Rouge Sang 16 Danser à Rome
4%
Renaud chante Brassens 13 Gastibelza (L'Homme à la carabine)
4%
Les Mômes et les Enfants d'abord ! 4 J'aime rien
4%
Renaud chante Brassens 21 Jeanne
4%
Métèque 7 La Tendresse
4%
Renaud cante el' Nord 4 Les Tomates
4%
Métèque 5 Nuit et Brouillard
4%
Renaud 12 Petite Fille slave
4%
Les Introuvables 10 P'tit déj' blues
4%
Les Introuvables 7 Touche pas à ma sœur
4%
Renaud 11 Dylan
3%
Renaud cante el' Nord 2 El pinsionnée
3%
Renaud cante el' Nord 11 I bot un d’mi
3%
Boucan d'enfer 3 Je vis caché
3%
Renaud chante Brassens 4 La Chasse aux papillons
3%
Renaud chante Brassens 18 La Femme d'Hector
3%
Renaud chante Brassens 19 Le Bistrot
3%
Les Mômes et les Enfants d'abord ! 8 Le Petit Crabe et la Langoustine
3%
Boucan d'enfer 12 Mal barrés
3%
Renaud cante el' Nord 8 M’lampiste
3%
Les Mômes et les Enfants d'abord ! 12 Parc Montsouris
3%
Métèque 6 Si tu me payes un verre
3%
Les Introuvables 2 Toute seule à une table
3%
Les Mômes et les Enfants d'abord ! 9 Y'a un monstre sous mon lit
3%
Renaud cante el' Nord 6 Adieu ch’terril d’Rimbert
2%
Les Mômes et les Enfants d'abord ! 10 Ça va gueuler
2%
Renaud cante el' Nord 3 Ch’méneu d’quévaux
2%
Renaud cante el' Nord 12 Dù qu'i sont ?
2%
Renaud cante el' Nord 7 Eun’ goutt’ ed’ jus
2%
Les Introuvables 6 Fanny de la Sorgue
2%
Métèque 10 La Folle Complainte
2%
Renaud chante Brassens 11 La Légende de la nonne
2%
Renaud chante Brassens 9 La Mauvaise herbe
2%
Métèque 2 L'Amitié
2%
Renaud 5 La Nuit en taule
2%
Renaud 9 La vie est moche et c'est trop court
2%
Renaud chante Brassens 14 Les Croquants
2%
Renaud cante el' Nord 10 Les Molettes
2%
Renaud cante el' Nord 5 Le Tango du cachalot
2%
Les Mômes et les Enfants d'abord ! 5 Mes copains
2%
Renaud 10 Mon anniv'
2%
Les Introuvables 4 Ourson prisonnier
2%
Renaud 6 Petit Bonhomme
2%
Boucan d'enfer 7 Tout arrêter...
2%
Renaud cante el' Nord 9 Y'in a qu’pour li
2%
Les Mômes et les Enfants d'abord ! 7 Y z'ont mis l'feu à l'école
2%
Les Introuvables 11 Zénobe
2%
Métèque 9 Bonhomme
1%
Métèque 3 Ça va ça vient
1%
Les Mômes et les Enfants d'abord ! 11 C'est la récré
1%
Molly Malone – Balade irlandaise 10 Dubliners
1%
Métèque 8 Hollywood
1%
Molly Malone – Balade irlandaise 4 Je reviendrai...
1%
Renaud chante Brassens 2 La Marine
1%
Les Introuvables 12 La petite vague qui avait le mal de mer
1%
Les Introuvables 8 Le camionneur rêveur
1%
Renaud chante Brassens 10 Le Mauvais sujet repenti
1%
Renaud chante Brassens 16 Le Vieux Léon
1%
Les Mômes et les Enfants d'abord ! 6 On va pas s'laisser pourrir
1%
Renaud chante Brassens 15 Philistins
1%
Les Introuvables 5 Sidi h' bibi
1%
Molly Malone – Balade irlandaise 8 À Carlingford
0%
Molly Malone – Balade irlandaise 5 Adieu à Rhondda
0%
Molly Malone – Balade irlandaise 2 Belfast Mill
0%
Renaud chante Brassens 5 Comme hier
0%
Molly Malone – Balade irlandaise 12 Incendie
0%
Métèque 13 Je suis Mort, qui dit mieux
0%
Molly Malone – Balade irlandaise 3 Johnston's Motor Car
0%
Métèque 17 J'veux une Harley
0%
Métèque 12 La Complainte de Mandrin
0%
Renaud chante Brassens 22 La Complainte des filles de joie
0%
Molly Malone – Balade irlandaise 6 La Fille de Cavan
0%
Métèque 15 La vie s'écoule, la vie s'enfuit
0%
Métèque 11 Le Jour où le bateau viendra
0%
Renaud chante Brassens 17 Le Père Nöel et la petite fille
0%
Renaud chante Brassens 23 Les Illusions perdues
0%
Métèque 4 Le Temps des cerises
0%
Métèque 16 Ma fille
0%
Métèque 14 Suzanne
0%
Molly Malone – Balade irlandaise 7 Te marie pas, Mary !
0%
Molly Malone – Balade irlandaise 1 Vagabonds
0%
Molly Malone – Balade irlandaise 11 Willie McBride
0%
Aucun quiz correspondant
Distribution des résultats
% des personnes avec chaque résultat
Percentile par nombre de réponses
Votre historique - résultats
Vous n’avez pas pris ce quiz